Countries by Flag of a Subdivision - Statistics

General Stats
  • This quiz has been taken 125 times
  • The average score is 13 of 16
Answer Stats
Picture Answer % Correct
United Kingdom
100%
United States
93%
Canada
91%
China
90%
Liberia
89%
Italy
86%
Russia
83%
Argentina
81%
Australia
81%
Spain
81%
Brazil
80%
France
79%
Netherlands
76%
Japan
73%
East Timor
68%
United Arab Emirates
50%
No matching quizzes found
Score Distribution
Percent of People with Each Score
Percentile by Number Answered
Your Score History
You have not taken this quiz